Informačný systém pre mobilnú kanceláriu

Gespeichert in:
Bibliographische Detailangaben
1. Verfasser: Gažo, Ladislav, 1982- (Verfasst von)
Weitere Verfasser: Vojtek, Vladimír, 1954- (Betreuung Doktorarbeit)
Format: Manuskript Buch
Sprache:Slowakisch
Veröffentlicht: Bratislava : STU v Bratislave FIIT, 2005
Schlagworte:
Tags: Tag hinzufügen
Keine Tags, Fügen Sie das erste Tag hinzu!

MARC

LEADER 00000ntm a22000003a 4500
001 stu139671
005 20190731093708.4
008 070404s2005----xo------------------slo-d
040 |a STU  |b slo 
041 0 |a slo 
044 |a xo 
100 1 |a Gažo, Ladislav,  |d 1982-  |4 aut  |u I200  |U FIIT Fakulta informatiky a informačných technológií  |T FIIT Ústav informatiky a softvérového inžinierstva  |X 10489  |U I200  |Y 179  |7 A000010489 
245 1 |a Informačný systém pre mobilnú kanceláriu 
260 |a Bratislava :  |b STU v Bratislave FIIT,  |c 2005 
300 |a 61 s.,  |e CD-rom 
500 |a Neobsahuje posudky 
650 7 |a softvérové inžinierstvo  |2 stusub 
700 1 |a Vojtek, Vladimír,  |d 1954-  |4 ths  |u I300  |U FIIT Fakulta informatiky a informačných technológií  |T FIIT Ústav aplikovanej informatiky  |X 1930  |U I300  |Y 180  |7 A000001930 
996 |c I*DP56/05  |l II680  |s A  |a 24  |w stu139671_0001